|
|
|
|
| LEADER |
01464nam a22002417a 4500 |
| 003 |
GR-PaULI |
| 005 |
20210117210942.0 |
| 007 |
ta |
| 008 |
190809s1987 ja ||||f |||| 001 0 eng d |
| 952 |
|
|
|0 0
|1 0
|2 lcc
|3 τ. 3
|4 0
|6 QA0276
|7 1
|9 234531
|a MEDI
|b MEDI
|c DON
|d 2019-08-09
|i 1442
|l 0
|o QA276
|p 025000175563
|r 2019-08-09 00:00:00
|t 1
|v 2019.00
|w 2019-08-09
|y BKN
|z Δωρεά Β. Βαλαώρα (αίθουσα δωρεών)
|
| 952 |
|
|
|0 0
|1 0
|2 lcc
|3 τ.1
|4 0
|6 QA0276
|7 1
|9 240906
|a MEDI
|b MEDI
|c DON
|d 2020-06-01
|i 6851
|l 0
|o QA276
|p 025000176263
|r 2020-06-01 00:00:00
|t 1
|v 2020.00
|w 2020-06-01
|y BKN
|z Δωρεά Β. Βαλαώρα (αίθουσα δωρεών)
|
| 952 |
|
|
|0 0
|1 0
|2 lcc
|3 τ. 4
|4 0
|6 QA0276
|7 1
|9 240907
|a MEDI
|b MEDI
|c DON
|d 2020-06-01
|i 6850
|l 0
|o QA276
|p 025000176264
|r 2020-06-01 00:00:00
|t 1
|v 2020.00
|w 2020-06-01
|y BKN
|z Δωρεά Β. Βαλαώρα (αίθουσα δωρεών)
|
| 999 |
|
|
|c 142223
|d 142223
|
| 040 |
|
|
|a GR-PaULI
|b gre
|c GR-PaULI
|e AACR2
|
| 060 |
|
|
|a QA276
|
| 245 |
0 |
0 |
|a Proceedings of the 46th session of the International Statistical Institute =
|b actes de la 46ème session de l'Intsitut International de Statistique.
|
| 260 |
|
|
|a Tokyo :
|b Bulletin of the International Statistical Institute.
|
| 300 |
|
|
|a τ. ;
|c 24 εκ.
|
| 500 |
|
|
|a Περιλαμβάνει ευρετήριο.
|
| 500 |
|
|
|a Τ. 1. - iv, 209 σ. - 1987 -- τ. 3. - ix, 614 σ. - 1987 -- τ. 4. - ix, 584 σ. - 1987.
|
| 650 |
|
4 |
|9 85
|a Στατιστική
|
| 942 |
|
|
|2 lcc
|c BKN
|
| 998 |
|
|
|c ΜΑΝΙΑΚΗ
|d 2019
|